Slime : how algae created us, plague us, and just might Save Us

Bibliographic Details
Main Author: Kassinger, Ruth (Author)
Format: Book
Language:English
Published: Boston : Houghton Mifflin Harcourt 2019
Subjects:

MARC

LEADER 00000cam a2200000 7i4500
001 0000099064
005 20201111093000.0
008 200812s2019 nyu eng
020 |a 9780358299561 
040 |a UniSZA   |e rda 
050 0 0 |a QK566   |b .K37 2019 
090 0 0 |a QK566   |b .K37 2019 
100 1 |a Kassinger, Ruth ,   |e author 
245 1 0 |a Slime :   |b how algae created us, plague us, and just might Save Us   |c Ruth Kassinger 
264 1 |a Boston :   |b Houghton Mifflin Harcourt   |c 2019 
300 |a xv, 301 pages :   |b llustrations ;   |c 24 cm. 
336 |a text  |2 rdacontent 
337 |a unmediated  |2 rdamedia 
338 |a volume  |2 rdacarrier 
504 |a Includes bibliographical references (pages 271-290) and index 
505 0 |a 1. In the beginning -- 2. Glorious food -- 3. Practical matters -- 4. Algae and the changing climate 
650 0 |a Algae 
650 0 |a Algology 
999 |a 1000180436   |b Book   |c Open Shelf (1 Day)   |e Tembila Campus